أثر السعر على قرار الشراء : دراسة حالة قطاع خدمة الهاتف النقال /
محفوظ في:
| المؤلف الرئيسي: | |
|---|---|
| مؤلفون آخرون: | |
| التنسيق: | أطروحة |
| اللغة: | Arabic |
| منشور في: |
Jaza'ir :
Jami'at al-Jaza'ir,
2006
|
| الموضوعات: | |
| الوسوم: |
إضافة وسم
لا توجد وسوم, كن أول من يضع وسما على هذه التسجيلة!
|
| LEADER | 010890000a22002410004500 | ||
|---|---|---|---|
| 008 | 131014s2006 ua a f 000 0 ara d | ||
| 040 | |a UIAM |b eng | ||
| 041 | |a ara | ||
| 050 | 0 | 0 | |a HF5416.5 |
| 100 | 1 | |a لمياء، عامر | |
| 242 | 1 | 0 | |a ِAthar al-si'r 'ala qarar al-shira' : |b dirasatt halat qita' khidmat al-hatif al-naqqal |
| 245 | 1 | 0 | |a أثر السعر على قرار الشراء : |b دراسة حالة قطاع خدمة الهاتف النقال / |c عامر لهياء |
| 260 | |a Jaza'ir : |b Jami'at al-Jaza'ir, |c 2006 | ||
| 300 | |a 161 leaves : |b ill. ; |c 30 cm. | ||
| 500 | |a "رسالة لنيل درجة الماجستير في العلوم الإقتصادية" --On cover. | ||
| 502 | |a Thesis (M.A.)--Jami'at al-Jaza'ir, 2006. | ||
| 504 | |a Includes bibliographical references. | ||
| 596 | |a 1 | ||
| 655 | |a Theses, Facsimile edition (Islamic) | ||
| 700 | 1 | |a Lamya', 'Amir | |
| 900 | |a arf-ls | ||
| 999 | |c 439070 |d 470136 | ||
| 952 | |0 0 |6 TI HF 005416.5 L242A 2006 |7 0 |8 THESES |9 759193 |a IIUM |b IIUM |c MULTIMEDIA |g 320.00 |o ti HF 5416.5 L242A 2006 |p 00011294955 |r 2017-10-23 |t 1 |v 320.00 |y THESIS | ||
